000 00504nam a2200181Ia 4500
999 _c15068
_d15068
003 OSt
005 20201111132152.0
008 190216s9999||||xx |||||||||||||| ||und||
040 _coclc
082 _a423
_bMAL/D
100 _aMalhotra, R K
_95790
245 0 _aDictionary Of Synonyms And Antonyms /
_cR K Malhotra
250 _a3rd Ed.
260 _bVarunpublishing House,
_c2005.
_aMeerut:
300 _a224p
650 _aEnglish
942 _cBK
_2ddc
_h423
_iMAL/D
_k423
_mMAL/D